[Event "Binissalem op 16th"]
[Site "Binissalem"]
[Date "2003.09.21"]
[Round "9"]
[White "Gonzalez Arribas, Vidal Alejandro"]
[Black "Gamundi Salamanca, Antonio"]
[Result "0-1"]
[WhiteElo "2212"]
[BlackElo "2453"]
[PlyCount "104"]
[EventDate "2003.09.05"]
[EventType "swiss"]
[EventRounds "9"]
[EventCountry "ESP"]
[SourceTitle "EXT 2004"]
[Source "ChessBase"]
[SourceDate "2003.11.25"]
[SourceVersion "1"]
[SourceVersionDate "2003.11.25"]
[SourceQuality "1"]

1. c4 Nf6 2. Nc3 c5 3. g3 d5 4. cxd5 Nxd5 5. Bg2 Nc7 6. d3 e5 7. Be3 Be7 8. Rc1 Nd7 9. Nf3 0-0 10. Nd2 Rb8 11. Nc4 b6 12. 0-0 Bb7 13. f4 Bxg2 14. Kxg2 exf4 15. Bxf4 Ra8 16. Bxc7 Qxc7 17. Nd5 Qd8 18. e4 Nf6 19. Nce3 Nxd5 20. Nxd5 Bd6 21. Qh5 Qe8 22. Rf5 f6 23. Qxe8 Raxe8 24. a4 Be5 25. b4 cxb4 26. Nxb4 Rd8 27. Nd5 g6 28. Rf3 Kg7 29. Rc6 Rc8 30. Ne7 Rce8 31. Nd5 Rc8 32. Ne7 Rxc6 33. Nxc6 Rc8 34. Nxa7 Ra8 35. Nc6 Rxa4 36. Rf2 Bc3 37. Rc2 Ra3 38. d4 b5 39. d5 Kf7 40. Kf2 b4 41. Ke2 Ra1 42. Kd3 b3 43. Rxc3 b2 44. Rb3 b1Q+ 45. Rxb1 Rxb1 46. Ke3 Ke8 47. h4 Kd7 48. g4 Rg1 49. Kf4 Kd6 50. g5 Rf1+ 51. Kg4 f5+ 52. exf5 Rxf5 0-1

[Event "Villa de Albox 4th"]
[Site "Almeria"]
[Date "2003.07.20"]
[Round "?"]
[White "Gamundi Salamanca, Antonio"]
[Black "Saldano Dayer, Horacio"]
[Result "1/2-1/2"]
[WhiteElo "2450"]
[BlackElo "2423"]
[PlyCount "77"]
[EventDate "2003.07.20"]
[EventType "tourn"]
[EventRounds "7"]
[EventCountry "ESP"]
[EventCategory "11"]
[SourceTitle "CBM 095 Extra"]
[Source "ChessBase"]
[SourceDate "2003.09.04"]
[SourceVersion "1"]
[SourceVersionDate "2003.09.04"]
[SourceQuality "1"]

1. d4 e6 2. c4 Nf6 3. Nf3 b6 4. a3 Ba6 5. Nbd2 d5 6. e3 Be7 7. b4 0-0 8. Bb2 Nbd7 9. b5 Bb7 10. Be2 a6 11. a4 Ne4 12. 0-0 axb5 13. axb5 f5 14. Qc2 Bd6 15. cxd5 Nxd2 16. Nxd2 exd5 17. g3 Qe7 18. Bf3 Nf6 19. Nc4 Ne4 20. Nxd6 cxd6 21. Rxa8 Rxa8 22. Ra1 Rxa1+ 23. Bxa1 Qd7 24. Be2 Qc8 25. Bd3 Qxc2 26. Bxc2 g6 27. f3 Nf6 28. Bc3 Kf8 29. Bb4 Ke7 30. h3 Bc8 31. g4 Bd7 32. Bd3 Ne8 33. Be1 Nc7 34. Bh4+ Ke8 35. Bg3 Ke7 36. Bh4+ Ke8 37. Bg3 Bxb5 38. Bb1 Bd3 39. Bxd3 1/2-1/2

[Event "Villa de Albox 4th"]
[Site "Almeria"]
[Date "2003.07.20"]
[Round "?"]
[White "Suba, Mihai"]
[Black "Gamundi Salamanca, Antonio"]
[Result "1/2-1/2"]
[WhiteElo "2498"]
[BlackElo "2450"]
[PlyCount "25"]
[EventDate "2003.07.20"]
[EventType "tourn"]
[EventRounds "7"]
[EventCountry "ESP"]
[EventCategory "11"]
[SourceTitle "CBM 095 Extra"]
[Source "ChessBase"]
[SourceDate "2003.09.04"]
[SourceVersion "1"]
[SourceVersionDate "2003.09.04"]
[SourceQuality "1"]

1. d4 Nf6 2. c4 e6 3. Nc3 Bb4 4. e3 0-0 5. Bd3 d5 6. Nge2 c5 7. cxd5 exd5 8. a3 Bxc3+ 9. bxc3 Nc6 10. f3 Re8 11. 0-0 Qc7 12. Ng3 Bd7 13. Ra2 1/2-1/2

[Event "Villa de Albox 4th"]
[Site "Almeria"]
[Date "2003.07.20"]
[Round "?"]
[White "Zlotnik, Boris A"]
[Black "Gamundi Salamanca, Antonio"]
[Result "1-0"]
[WhiteElo "2419"]
[BlackElo "2450"]
[PlyCount "99"]
[EventDate "2003.07.20"]
[EventType "tourn"]
[EventRounds "7"]
[EventCountry "ESP"]
[EventCategory "11"]
[SourceTitle "CBM 095 Extra"]
[Source "ChessBase"]
[SourceDate "2003.09.04"]
[SourceVersion "1"]
[SourceVersionDate "2003.09.04"]
[SourceQuality "1"]

1. d4 Nf6 2. c4 e6 3. Nc3 Bb4 4. Qc2 d5 5. cxd5 exd5 6. Bg5 h6 7. Bh4 c6 8. e3 0-0 9. Bd3 Nbd7 10. Nf3 Re8 11. 0-0 Be7 12. Bg3 Nf8 13. h3 Ne6 14. a3 Ng5 15. Ne5 Bd6 16. Bh4 Be7 17. f3 Nd7 18. Bg3 Nxe5 19. Bxe5 Ne6 20. Rae1 Nf8 21. Bg3 Bd6 22. Bxd6 Qxd6 23. Qf2 Rd8 24. Rd1 Ne6 25. Bb1 Bd7 26. f4 Nf8 27. f5 Re8 28. e4 dxe4 29. Nxe4 Qd5 30. Qf4 Nh7 31. Rf3 f6 32. h4 Nf8 33. Nc3 Qa5 34. Rg3 Kh8 35. Rf1 Re7 36. Kh2 Rae8 37. Ba2 Qd8 38. Rff3 Bc8 39. Bb1 Qc7 40. Qg4 Re3 41. Be4 Rxf3 42. Qxf3 Rd8 43. Ne2 c5 44. d5 Re8 45. Nf4 Qe5 46. Ne6 Bxe6 47. fxe6 Qxb2 48. Qh5 Re7 49. d6 Rxe6 50. Qf7 1-0

[Event "ESP-ch op-A"]
[Site "Cala Mendia"]
[Date "2001.11.20"]
[Round "4"]
[White "Gonzalez de la Torre, Santiago"]
[Black "Gamundi Salamanca, Antonio"]
[Result "0-1"]
[WhiteElo "2285"]
[BlackElo "2457"]
[PlyCount "80"]
[EventDate "2001.11.17"]
[EventType "swiss"]
[EventRounds "9"]
[EventCountry "ESP"]
[SourceTitle "CBM 085 Extra"]
[Source "ChessBase"]
[SourceDate "2002.01.21"]
[SourceVersion "1"]
[SourceVersionDate "2002.01.21"]
[SourceQuality "1"]

1. e4 c5 2. Nc3 Nc6 3. Bb5 Nd4 4. Bc4 e6 5. Nge2 Ne7 6. 0-0 Nec6 7. d3 Be7 8. Nxd4 cxd4 9. Ne2 0-0 10. Bb3 d6 11. f4 Bf6 12. Bd2 Bd7 13. Ng3 g6 14. Qf3 b5 15. Rae1 a5 16. a4 bxa4 17. Bxa4 Bg7 18. Qf2 Rb8 19. f5 Rxb2 20. f6 Bh8 21. Bb3 Qb8 22. e5 a4 23. Bxa4 Nxe5 24. Rxe5 Bxa4 25. Rxe6 Rxc2 26. Nf5 h5 27. Ne7+ Kh7 28. Re2 Rfc8 29. Qf4 Rxd2 30. Rxd2 Rc5 31. Kh1 Qb4 32. Rdf2 Re5 33. Qc1 Qc3 34. Qb1 Rb5 35. Qa2 Qb3 36. Qa1 Rb4 37. Qc1 Qc3 38. Qf4 Qxd3 39. Qxd6 Rb1 40. h3 Rxf1+ 0-1

[Event "ESP-chT"]
[Site "Barcelona"]
[Date "2000.08.13"]
[Round "9"]
[White "Corral Blanco, Juan Antonio"]
[Black "Gamundi Salamanca, Antonio"]
[Result "1-0"]
[WhiteElo "2464"]
[BlackElo "2464"]
[PlyCount "87"]
[EventDate "2000.08.05"]
[EventType "team"]
[EventRounds "9"]
[EventCountry "ESP"]
[SourceTitle "CBM 077 Extra"]
[Source "ChessBase"]
[SourceDate "2000.09.14"]
[SourceVersion "1"]
[SourceVersionDate "2000.09.14"]
[SourceQuality "1"]

1. d4 d5 2. c4 dxc4 3. Nf3 Nf6 4. e3 e6 5. Bxc4 c5 6. 0-0 a6 7. Bb3 Nc6 8. Nc3 Be7 9. Ne5 cxd4 10. Nxc6 bxc6 11. exd4 0-0 12. Be3 a5 13. Qf3 Nd5 14. Rac1 Bd7 15. Rfd1 Qb8 16. Na4 Rc8 17. Qe2 Qa7 18. Qd3 Rab8 19. Bc2 g6 20. Bb3 Rb4 21. Bxd5 cxd5 22. Rxc8+ Bxc8 23. b3 Bd7 24. Nc5 Rb8 25. Qc3 Be8 26. Rc1 Qb6 27. h3 a4 28. Bf4 Ra8 29. b4 Bb5 30. a3 Re8 31. Re1 Bd8 32. Qg3 f6 33. Bd6 Kf7 34. h4 Qc6 35. Qf4 Qc8 36. Qh6 Rh8 37. Nxe6 Qxe6 38. Rxe6 Kxe6 39. Bf8 Rg8 40. Bc5 Kf7 41. Qxh7+ Rg7 42. Qh6 Bc7 43. h5 Bd8 44. Qh8 1-0

[Event "ESP-chT"]
[Site "Barcelona"]
[Date "2000.08.12"]
[Round "8"]
[White "Gamundi Salamanca, Antonio"]
[Black "Vallejo Pons, Francisco"]
[Result "1-0"]
[WhiteElo "2464"]
[BlackElo "2554"]
[PlyCount "99"]
[EventDate "2000.08.05"]
[EventType "team"]
[EventRounds "9"]
[EventCountry "ESP"]
[SourceTitle "CBM 077 Extra"]
[Source "ChessBase"]
[SourceDate "2000.09.14"]
[SourceVersion "1"]
[SourceVersionDate "2000.09.14"]
[SourceQuality "1"]

1. d4 e6 2. c4 Nf6 3. Nf3 d5 4. Nc3 c6 5. e3 Nbd7 6. Bd3 dxc4 7. Bxc4 b5 8. Bd3 Bb7 9. 0-0 a6 10. e4 c5 11. d5 Qc7 12. dxe6 fxe6 13. Ng5 Qc6 14. f4 c4 15. Bc2 Nc5 16. Qe2 b4 17. e5 bxc3 18. exf6 gxf6 19. Qh5+ Kd7 20. Nf3 Nd3 21. Bxd3 Qc5+ 22. Qxc5 Bxc5+ 23. Kh1 cxd3 24. bxc3 Rhd8 25. Bd2 Rab8 26. c4 Bxf3 27. Rxf3 Kc6 28. Ba5 Rd7 29. Rd1 Rb2 30. Bc3 Rc2 31. Bxf6 d2 32. g3 Rxa2 33. Kg2 Bb4 34. Re3 Kc5 35. Rxe6 Kxc4 36. Kf3 Kd3 37. Re3+ Kc2 38. Ke2 a5 39. Re6 Ra3 40. Rc6+ Bc3 41. f5 a4 42. Bg5 Rb3 43. Bxd2 Re7+ 44. Re6 Rxe6+ 45. fxe6 Bf6 46. Rf1 Bd8 47. Rf8 Rd3 48. Bb4 Rd4 49. Ba3 Rd5 50. Kf1 1-0

[Event "ESP-chT"]
[Site "Barcelona"]
[Date "2000.08.09"]
[Round "5"]
[White "Gamundi Salamanca, Antonio"]
[Black "Narciso Dublan, Marc"]
[Result "0-1"]
[WhiteElo "2464"]
[BlackElo "2507"]
[PlyCount "44"]
[EventDate "2000.08.05"]
[EventType "team"]
[EventRounds "9"]
[EventCountry "ESP"]
[SourceTitle "CBM 077 Extra"]
[Source "ChessBase"]
[SourceDate "2000.09.14"]
[SourceVersion "1"]
[SourceVersionDate "2000.09.14"]
[SourceQuality "1"]

1. c4 e5 2. Nc3 Nf6 3. Nf3 Nc6 4. a3 d5 5. cxd5 Nxd5 6. e3 Nxc3 7. bxc3 e4 8. Nd4 Ne5 9. Qc2 f5 10. Qb3 Bd6 11. a4 Qe7 12. Nb5 Bc5 13. Ba3 Bxa3 14. Qxa3 c5 15. Qb2 Be6 16. Rb1 0-0 17. Na3 Rad8 18. Qxb7 Qd6 19. Rd1 f4 20. Qxe4 fxe3 21. fxe3 Bb3 22. Bc4+ Bxc4 0-1